000 00633nam a22002177a 4500
003 OSt
005 20260417102519.0
008 260417b |||||||| |||| 00| 0 eng d
020 _a9789811251924
040 _cDDC
082 _a536.7 PRO 2022
100 _aEdited by Swee, Cheng Lim; Choy, Heng Lai; Leong, Chuan Kwek
_919583
245 _a Problems and Solutions on Thermodynamics and Statistical Mechanics
250 _a2nd ed.
260 _aNew Jersey; World scientific, 2022
300 _aix,393p.;Ill: 23cm
504 _aIndex included
650 _aThermodynamics
650 _aMechanics
_9819
942 _2z
_cO_SHELF
999 _c9632
_d9632